[Event "World Chess Olympiad 2018"]
[Site "Batumi"]
[Date "2018.09.28"]
[Round "5"]
[Board "2"]
[WhiteFideId "3618471"]
[White "Noboa Kevin"]
[BlackFideId "922692"]
[Black "Stojanovic Dalibor"]
[Result "0-1"]
[LiveChessVersion "1.4.8"]
[BlackElo "2492"]
[WhiteElo "2256"]

1. d4 {[%clk 1:30:55]} Nf6 {[%clk 1:30:19]} 2. c4 {[%clk 1:31:03]} g6
{[%clk 1:29:49]} 3. Nc3 {[%clk 1:30:51]} Bg7 {[%clk 1:30:09]} 4. Nf3
{[%clk 1:30:38]} O-O {[%clk 1:29:29]} 5. Bg5 {[%clk 1:30:05]} c5 {[%clk 1:24:32]}
6. d5 {[%clk 1:29:05]} d6 {[%clk 1:23:51]} 7. e3 {[%clk 1:28:34]} h6
{[%clk 1:23:49]} 8. Bh4 {[%clk 1:28:42]} Bf5 {[%clk 1:21:12]} 9. Bd3
{[%clk 1:25:59]} Bxd3 {[%clk 1:19:42]} 10. Qxd3 {[%clk 1:26:15]} g5
{[%clk 1:19:04]} 11. Bg3 {[%clk 1:25:02]} Nh5 {[%clk 1:19:24]} 12. O-O
{[%clk 1:14:03]} f5 {[%clk 1:10:21]} 13. a3 {[%clk 0:58:16]} Nd7 {[%clk 1:09:42]}
14. Rac1 {[%clk 0:50:39]} Rc8 {[%clk 1:07:35]} 15. b4 {[%clk 0:43:50]} Qe8
{[%clk 1:04:56]} 16. h3 {[%clk 0:31:02]} Qg6 {[%clk 0:44:42]} 17. Ne2
{[%clk 0:27:05]} Rf7 {[%clk 0:37:39]} 18. Qb1 {[%clk 0:24:21]} g4
{[%clk 0:33:08]} 19. hxg4 {[%clk 0:20:07]} Qxg4 {[%clk 0:32:44]} 20. Rfe1
{[%clk 0:18:48]} Nxg3 {[%clk 0:26:13]} 21. Nxg3 {[%clk 0:19:00]} cxb4
{[%clk 0:26:22]} 22. Nh2 {[%clk 0:17:53]} Qg6 {[%clk 0:26:26]} 23. axb4
{[%clk 0:18:07]} Be5 {[%clk 0:26:50]} 24. e4 {[%clk 0:07:56]} Bxg3
{[%clk 0:18:53]} 25. fxg3 {[%clk 0:08:25]} Qxg3 {[%clk 0:19:15]} 26. exf5
{[%clk 0:08:40]} Ne5 {[%clk 0:19:41]} 27. Qe4 {[%clk 0:07:48]} Nd3
{[%clk 0:14:34]} 28. Ng4 {[%clk 0:08:10]} Nxe1 {[%clk 0:14:50]} 29. Nxh6+
{[%clk 0:05:34]} Kf8 {[%clk 0:14:55]} 30. Rxe1 {[%clk 0:00:42]} Rxc4
{[%clk 0:14:29]} 31. Qxc4 {[%clk 0:01:02]} Qxe1+ {[%clk 0:14:54]} 32. Kh2
{[%clk 0:01:32]} Rf6 {[%clk 0:07:20]} 33. Ng4 {[%clk 0:00:42]} Qh4+
{[%clk 0:07:27]} 34. Kg1 {[%clk 0:01:11]} Rf7 {[%clk 0:07:13]} 35. Qc8+
{[%clk 0:00:47]} Kg7 {[%clk 0:07:39]} 36. Qe6 {[%clk 0:01:15]} Qg5
{[%clk 0:07:31]} 37. Ne3 {[%clk 0:01:01]} Qf6 {[%clk 0:06:19]} 38. Qe4
{[%clk 0:01:26]} Qe5 {[%clk 0:04:48]} 39. Qg4+ {[%clk 0:01:06]} Kf8
{[%clk 0:05:14]} 40. Qh3 {[%clk 0:31:15]} Ke8 {[%clk 0:33:22]} 41. g4
{[%clk 0:23:27]} Rf8 {[%clk 0:32:42]} 42. Qh6 {[%clk 0:10:13]} Rh8
{[%clk 0:25:09]} 43. Qe6 {[%clk 0:10:11]} Rh3 {[%clk 0:23:24]} 44. Qg8+
{[%clk 0:04:33]} Kd7 {[%clk 0:23:42]} 45. Nf1 {[%clk 0:03:58]} Qd4+
{[%clk 0:21:51]} 46. Kg2 {[%clk 0:04:10]} Rd3 {[%clk 0:19:57]} 47. Qe6+
{[%clk 0:02:45]} Kd8 {[%clk 0:20:22]} 48. Qg8+ {[%clk 0:02:39]} Kc7
{[%clk 0:20:47]} 49. Ng3 {[%clk 0:02:47]} Qe3 {[%clk 0:20:52]} 0-1

[Event "World Chess Olympiad 2018"]
[Site "Batumi"]
[Date "2018.09.28"]
[Round "5"]
[Board "3"]
[WhiteFideId "14402661"]
[White "Marjanovic Dejan"]
[BlackFideId "3600734"]
[Black "Munoz Sanchez Miguel"]
[Result "1-0"]
[LiveChessVersion "1.4.8"]
[BlackElo "2254"]
[WhiteElo "2382"]

1. d4 {[%clk 1:30:56]} Nf6 {[%clk 1:30:40]} 2. Nf3 {[%clk 1:31:00]} d6
{[%clk 1:29:50]} 3. Nc3 {[%clk 1:28:59]} d5 {[%clk 1:29:33]} 4. Bf4
{[%clk 1:29:08]} c6 {[%clk 1:29:49]} 5. Ne5 {[%clk 1:16:10]} Bf5 {[%clk 1:27:12]}
6. e3 {[%clk 1:12:24]} h6 {[%clk 1:26:13]} 7. g4 {[%clk 1:09:59]} Bh7
{[%clk 1:24:57]} 8. f3 {[%clk 1:10:16]} e6 {[%clk 1:24:11]} 9. a3
{[%clk 1:04:18]} Be7 {[%clk 1:23:57]} 10. Bd3 {[%clk 1:02:54]} Bxd3
{[%clk 1:24:10]} 11. Qxd3 {[%clk 1:01:15]} Nfd7 {[%clk 1:20:56]} 12. O-O-O
{[%clk 0:57:05]} Bf6 {[%clk 1:16:51]} 13. Kb1 {[%clk 0:54:47]} Nxe5
{[%clk 1:12:43]} 14. dxe5 {[%clk 0:53:11]} Be7 {[%clk 1:12:55]} 15. e4
{[%clk 0:53:23]} Nd7 {[%clk 1:09:52]} 16. Bg3 {[%clk 0:43:24]} Qa5
{[%clk 1:03:32]} 17. f4 {[%clk 0:42:26]} Rb8 {[%clk 0:53:36]} 18. exd5
{[%clk 0:41:22]} cxd5 {[%clk 0:53:58]} 19. f5 {[%clk 0:40:55]} Nc5
{[%clk 0:52:17]} 20. Qf3 {[%clk 0:30:21]} Na4 {[%clk 0:43:08]} 21. Nxa4
{[%clk 0:28:01]} Qxa4 {[%clk 0:43:32]} 22. f6 {[%clk 0:28:08]} Bf8
{[%clk 0:43:43]} 23. Rhe1 {[%clk 0:25:32]} Rc8 {[%clk 0:43:49]} 24. Re2
{[%clk 0:24:36]} g6 {[%clk 0:38:41]} 25. Rd3 {[%clk 0:21:14]} h5 {[%clk 0:36:01]}
26. Rc3 {[%clk 0:18:15]} Rxc3 {[%clk 0:34:22]} 27. Qxc3 {[%clk 0:18:14]} Qc6
{[%clk 0:34:37]} 28. Qf3 {[%clk 0:16:38]} hxg4 {[%clk 0:33:13]} 29. Qxg4
{[%clk 0:16:56]} Bc5 {[%clk 0:32:50]} 30. Rd2 {[%clk 0:15:23]} Rh5
{[%clk 0:20:59]} 31. c4 {[%clk 0:13:10]} dxc4 {[%clk 0:13:52]} 32. Qxc4
{[%clk 0:13:00]} Be3 {[%clk 0:09:28]} 33. Qb4 {[%clk 0:06:19]} Bc5
{[%clk 0:08:35]} 34. Qb3 {[%clk 0:05:32]} Rf5 {[%clk 0:05:01]} 35. Qd3
{[%clk 0:03:43]} Bb6 {[%clk 0:05:22]} 36. Rc2 {[%clk 0:03:28]} Qd7
{[%clk 0:04:43]} 37. Qc4 {[%clk 0:03:12]} a6 {[%clk 0:00:31]} 38. Rc1
{[%clk 0:02:53]} Qb5 {[%clk 0:00:31]} 39. Qc8+ {[%clk 0:02:33]} Bd8
{[%clk 0:00:53]} 40. Rd1 {[%clk 0:32:35]} 1-0

[Event "World Chess Olympiad 2018"]
[Site "Batumi"]
[Date "2018.09.28"]
[Round "5"]
[Board "4"]
[WhiteFideId "3600629"]
[White "Munoz Sanchez Jhon"]
[BlackFideId "14407701"]
[Black "Burovic Rijad"]
[Result "0-1"]
[LiveChessVersion "1.4.8"]
[BlackElo "2380"]
[WhiteElo "2230"]

1. d4 {[%clk 1:30:56]} Nf6 {[%clk 1:26:36]} 2. c4 {[%clk 1:30:24]} g6
{[%clk 1:26:33]} 3. Nc3 {[%clk 1:29:45]} Bg7 {[%clk 1:26:22]} 4. e4
{[%clk 1:30:10]} d6 {[%clk 1:26:39]} 5. Nf3 {[%clk 1:30:15]} O-O {[%clk 1:26:48]}
6. Be2 {[%clk 1:30:27]} e5 {[%clk 1:23:43]} 7. d5 {[%clk 1:30:49]} a5
{[%clk 1:22:59]} 8. Bg5 {[%clk 1:31:09]} Na6 {[%clk 1:22:41]} 9. Nd2
{[%clk 1:31:33]} Qe8 {[%clk 1:17:50]} 10. a3 {[%clk 1:30:21]} Bd7
{[%clk 1:17:02]} 11. b3 {[%clk 1:30:22]} h6 {[%clk 1:16:10]} 12. Be3
{[%clk 1:30:47]} Nh7 {[%clk 1:11:28]} 13. Rb1 {[%clk 1:24:48]} f5
{[%clk 1:10:14]} 14. f3 {[%clk 1:25:16]} Rf7 {[%clk 1:03:21]} 15. b4
{[%clk 1:24:24]} Bf8 {[%clk 1:01:58]} 16. O-O {[%clk 1:22:45]} f4
{[%clk 0:59:36]} 17. Bf2 {[%clk 1:23:05]} g5 {[%clk 0:54:41]} 18. c5
{[%clk 1:01:14]} axb4 {[%clk 0:48:56]} 19. axb4 {[%clk 1:01:24]} dxc5
{[%clk 0:42:10]} 20. b5 {[%clk 0:58:51]} Nb4 {[%clk 0:39:43]} 21. Nc4
{[%clk 0:50:41]} b6 {[%clk 0:27:48]} 22. Qb3 {[%clk 0:30:58]} Bd6
{[%clk 0:23:14]} 23. Ra1 {[%clk 0:30:01]} Rb8 {[%clk 0:12:50]} 24. Ra7
{[%clk 0:28:38]} Qd8 {[%clk 0:11:40]} 25. Qa4 {[%clk 0:25:55]} Kh8
{[%clk 0:11:10]} 26. Ra1 {[%clk 0:21:51]} Rf8 {[%clk 0:11:18]} 27. Na2
{[%clk 0:15:40]} Nxa2 {[%clk 0:09:32]} 28. Rxa2 {[%clk 0:16:08]} Rg8
{[%clk 0:09:08]} 29. Ra3 {[%clk 0:14:28]} h5 {[%clk 0:08:38]} 30. Kf1
{[%clk 0:09:11]} g4 {[%clk 0:08:33]} 31. Qb3 {[%clk 0:06:20]} g3 {[%clk 0:04:43]}
32. hxg3 {[%clk 0:06:49]} fxg3 {[%clk 0:04:49]} 33. Be3 {[%clk 0:05:23]} h4
{[%clk 0:03:41]} 34. Qb2 {[%clk 0:02:02]} Qf6 {[%clk 0:02:18]} 35. Nxd6
{[%clk 0:02:01]} Qxd6 {[%clk 0:01:25]} 36. Bf4 {[%clk 0:02:27]} Rbe8
{[%clk 0:01:22]} 37. Ra8 {[%clk 0:02:43]} Qf6 {[%clk 0:01:05]} 38. Rxe8
{[%clk 0:02:33]} Rxe8 {[%clk 0:01:25]} 39. Be3 {[%clk 0:02:26]} h3
{[%clk 0:01:06]} 40. gxh3 {[%clk 0:30:33]} Bxh3+ {[%clk 0:31:16]} 41. Ke1
{[%clk 0:28:21]} Ng5 {[%clk 0:27:28]} 42. Bg1 {[%clk 0:23:31]} Bg2
{[%clk 0:25:31]} 43. Qc3 {[%clk 0:21:08]} Rf8 {[%clk 0:24:26]} 44. f4
{[%clk 0:13:58]} exf4 {[%clk 0:16:50]} 45. e5 {[%clk 0:12:20]} Qg7
{[%clk 0:17:00]} 0-1

[Event "World Chess Olympiad 2018"]
[Site "Batumi"]
[Date "2018.09.28"]
[Round "5"]
[Board "3"]
[WhiteFideId "944335"]
[White "Draskovic Luka"]
[BlackFideId "2604922"]
[Black "Noritsyn Nikolay"]
[Result "0-1"]
[LiveChessVersion "1.4.8"]
[BlackElo "2482"]
[WhiteElo "2449"]

1. e4 {[%clk 1:30:55]} c5 {[%clk 1:30:53]} 2. Nf3 {[%clk 1:31:04]} d6
{[%clk 1:31:15]} 3. d4 {[%clk 1:30:44]} cxd4 {[%clk 1:31:37]} 4. Nxd4
{[%clk 1:31:07]} Nf6 {[%clk 1:32:02]} 5. Nc3 {[%clk 1:29:54]} a6 {[%clk 1:32:27]}
6. a4 {[%clk 1:26:55]} g6 {[%clk 1:31:03]} 7. Be2 {[%clk 1:24:40]} Bg7
{[%clk 1:31:22]} 8. O-O {[%clk 1:23:39]} O-O {[%clk 1:31:42]} 9. a5
{[%clk 1:15:13]} Nc6 {[%clk 1:25:56]} 10. Nxc6 {[%clk 1:12:14]} bxc6
{[%clk 1:26:21]} 11. Be3 {[%clk 1:09:06]} Rb8 {[%clk 1:21:33]} 12. Ra2
{[%clk 0:52:45]} Be6 {[%clk 1:05:59]} 13. b3 {[%clk 0:52:19]} Qc8
{[%clk 1:05:37]} 14. Qd3 {[%clk 0:39:30]} Nd7 {[%clk 1:03:15]} 15. Na4
{[%clk 0:32:01]} c5 {[%clk 1:01:39]} 16. f4 {[%clk 0:29:00]} Qc7 {[%clk 0:49:38]}
17. Qd2 {[%clk 0:19:17]} Nf6 {[%clk 0:41:57]} 18. Bf3 {[%clk 0:16:01]} Rb4
{[%clk 0:38:31]} 19. Nc3 {[%clk 0:10:13]} Rfb8 {[%clk 0:37:19]} 20. Ra4
{[%clk 0:08:01]} Bd7 {[%clk 0:28:02]} 21. Ra3 {[%clk 0:08:18]} Be6
{[%clk 0:18:04]} 22. Kh1 {[%clk 0:07:58]} Bd7 {[%clk 0:11:38]} 23. Re1
{[%clk 0:07:04]} Bc6 {[%clk 0:09:24]} 24. Bf2 {[%clk 0:04:26]} Qb7
{[%clk 0:09:09]} 25. Qd3 {[%clk 0:04:11]} Nh5 {[%clk 0:06:35]} 26. Bxh5
{[%clk 0:02:02]} gxh5 {[%clk 0:07:04]} 27. Nd5 {[%clk 0:01:41]} Bxd5
{[%clk 0:06:46]} 28. exd5 {[%clk 0:02:10]} Rxf4 {[%clk 0:07:00]} 29. Qe3
{[%clk 0:01:33]} Rg4 {[%clk 0:04:31]} 30. h3 {[%clk 0:01:37]} Rg6
{[%clk 0:04:44]} 31. Qe4 {[%clk 0:00:41]} Rg5 {[%clk 0:04:00]} 32. Ra4
{[%clk 0:00:45]} Qxd5 {[%clk 0:03:32]} 33. Qxd5 {[%clk 0:01:10]} Rxd5
{[%clk 0:03:59]} 34. Rxe7 {[%clk 0:01:31]} Be5 {[%clk 0:03:47]} 35. Re4
{[%clk 0:01:43]} Rd2 {[%clk 0:01:52]} 36. Bxc5 {[%clk 0:01:21]} Rxc2
{[%clk 0:01:41]} 37. R4xe5 {[%clk 0:00:39]} dxe5 {[%clk 0:01:57]} 38. b4
{[%clk 0:00:34]} Rd8 {[%clk 0:01:14]} 39. Rxe5 {[%clk 0:00:37]} f6
{[%clk 0:01:22]} 40. Re3 {[%clk 0:30:34]} Kf7 {[%clk 0:30:50]} 41. Re7+
{[%clk 0:22:11]} Kg6 {[%clk 0:30:44]} 42. Re3 {[%clk 0:19:19]} Rd1+
{[%clk 0:23:59]} 43. Kh2 {[%clk 0:19:44]} h4 {[%clk 0:23:32]} 44. Re4
{[%clk 0:18:45]} Kh5 {[%clk 0:23:28]} 45. Rg4 {[%clk 0:11:41]} Rcc1
{[%clk 0:21:27]} 0-1

[Event "World Chess Olympiad 2018"]
[Site "Batumi"]
[Date "2018.09.28"]
[Round "5"]
[Board "4"]
[WhiteFideId "4100140"]
[White "Bareev Evgeny"]
[BlackFideId "921815"]
[Black "Kalezic Blazo"]
[Result "1/2-1/2"]
[LiveChessVersion "1.4.8"]
[BlackElo "2448"]
[WhiteElo "2666"]

1. Nf3 {[%clk 1:30:36]} d5 {[%clk 1:30:32]} 2. g3 {[%clk 1:31:02]} Bg4
{[%clk 1:27:25]} 3. Bg2 {[%clk 1:31:26]} Nd7 {[%clk 1:27:12]} 4. d3
{[%clk 1:31:24]} Ngf6 {[%clk 1:26:53]} 5. O-O {[%clk 1:26:42]} e5
{[%clk 1:26:22]} 6. h3 {[%clk 1:26:48]} Bxf3 {[%clk 1:23:57]} 7. Bxf3
{[%clk 1:18:13]} c6 {[%clk 1:20:48]} 8. e4 {[%clk 1:17:46]} dxe4 {[%clk 1:20:24]}
9. dxe4 {[%clk 1:18:10]} Be7 {[%clk 1:15:21]} 10. Qe2 {[%clk 1:15:54]} O-O
{[%clk 1:14:48]} 11. Nd2 {[%clk 1:14:58]} Re8 {[%clk 1:13:07]} 12. a4
{[%clk 1:04:20]} Bf8 {[%clk 1:10:21]} 13. Rd1 {[%clk 0:54:22]} Qc7
{[%clk 1:06:29]} 14. Bg2 {[%clk 0:52:53]} Nc5 {[%clk 1:04:06]} 15. a5
{[%clk 0:48:09]} Rad8 {[%clk 1:00:40]} 16. b4 {[%clk 0:47:48]} Ne6
{[%clk 1:00:06]} 17. c3 b5 {[%clk 0:58:35]} 18. axb6 {[%clk 0:39:42]} axb6
{[%clk 0:57:38]} 19. Bb2 {[%clk 0:38:58]} b5 20. Nf3 Nd7 {[%clk 0:52:56]} 21. h4
{[%clk 0:34:09]} Nb6 {[%clk 0:49:59]} 22. Bf1 {[%clk 0:28:08]} Rxd1
{[%clk 0:32:10]} 23. Qxd1 {[%clk 0:25:25]} g6 {[%clk 0:24:39]} 24. Qb3
{[%clk 0:25:24]} Bg7 {[%clk 0:24:46]} 25. Rd1 {[%clk 0:24:32]} Rd8
{[%clk 0:22:35]} 26. Bc1 {[%clk 0:24:25]} h6 {[%clk 0:20:24]} 27. Be3
{[%clk 0:24:17]} Kh7 {[%clk 0:16:59]} 28. h5 {[%clk 0:17:35]} gxh5
{[%clk 0:16:34]} 29. Rxd8 {[%clk 0:16:10]} Qxd8 {[%clk 0:15:05]} 30. Bxb6
{[%clk 0:15:01]} Qxb6 {[%clk 0:15:28]} 31. Bh3 {[%clk 0:15:26]} c5
{[%clk 0:10:21]} 32. Bf5+ {[%clk 0:11:20]} Kg8 {[%clk 0:06:27]} 33. bxc5
{[%clk 0:09:42]} Nxc5 {[%clk 0:05:29]} 34. Qd5 {[%clk 0:10:08]} Qc7
{[%clk 0:05:50]} 35. Kg2 {[%clk 0:09:10]} Bf6 {[%clk 0:05:06]} 36. Kh3
{[%clk 0:05:26]} Kg7 37. Nh4 {[%clk 0:04:33]} Na4 {[%clk 0:02:55]} 38. Qxb5
{[%clk 0:02:46]} Nxc3 {[%clk 0:03:15]} 39. Qd3 {[%clk 0:01:05]} Qc5
{[%clk 0:02:33]} 40. Ng2 {[%clk 0:30:37]} Bg5 {[%clk 0:30:39]} 41. Kh2
{[%clk 0:29:57]} Nb5 {[%clk 0:26:45]} 42. f4 {[%clk 0:27:19]} 1/2-1/2

[Event "World Chess Olympiad 2018"]
[Site "Batumi"]
[Date "2018.09.28"]
[Round "5"]
[Board "1"]
[WhiteFideId "13504398"]
[White "Kovalev Vladislav"]
[BlackFideId "1610856"]
[Black "Ragger Markus"]
[Result "1/2-1/2"]
[LiveChessVersion "1.4.8"]
[BlackElo "2686"]
[WhiteElo "2664"]

1. e4 {[%clk 1:30:55]} e5 {[%clk 1:30:58]} 2. Nf3 {[%clk 1:31:21]} Nc6
{[%clk 1:31:22]} 3. Nc3 {[%clk 1:31:45]} Nf6 {[%clk 1:31:48]} 4. Bb5
{[%clk 1:32:11]} Nd4 {[%clk 1:32:13]} 5. Bc4 {[%clk 1:32:30]} Bc5
{[%clk 1:32:28]} 6. d3 {[%clk 1:32:45]} d6 {[%clk 1:30:58]} 7. Na4
{[%clk 1:32:28]} b5 {[%clk 1:30:52]} 8. Nxd4 {[%clk 1:32:47]} bxc4
{[%clk 1:31:05]} 9. Nf5 {[%clk 1:33:08]} Bxf5 {[%clk 1:31:11]} 10. exf5
{[%clk 1:33:32]} cxd3 {[%clk 1:30:25]} 11. Nxc5 {[%clk 1:33:53]} dxc5
{[%clk 1:30:53]} 12. cxd3 {[%clk 1:34:16]} Qd7 {[%clk 1:23:02]} 13. Qf3
{[%clk 1:31:58]} O-O {[%clk 1:23:17]} 14. Bg5 {[%clk 1:21:58]} Rab8
{[%clk 1:13:20]} 15. b3 {[%clk 1:16:44]} e4 {[%clk 1:06:11]} 16. dxe4
{[%clk 1:14:11]} Nxe4 {[%clk 1:06:27]} 17. Be3 {[%clk 0:50:10]} Qd3
{[%clk 1:04:49]} 18. Bf4 {[%clk 0:46:58]} Qb5 {[%clk 1:00:05]} 19. Qxe4
{[%clk 0:25:59]} Rfe8 {[%clk 0:54:34]} 20. Be5 {[%clk 0:26:23]} Qb4+
{[%clk 0:38:21]} 21. Qxb4 {[%clk 0:26:50]} Rxe5+ {[%clk 0:38:46]} 22. Qe4
{[%clk 0:24:45]} Rxe4+ {[%clk 0:39:10]} 23. Kd2 {[%clk 0:25:14]} c4
{[%clk 0:35:05]} 24. Rhe1 {[%clk 0:22:56]} Rf4 {[%clk 0:31:49]} 25. f3
{[%clk 0:21:13]} cxb3 {[%clk 0:22:18]} 26. axb3 {[%clk 0:21:39]} Rxf5
{[%clk 0:22:43]} 27. Rxa7 {[%clk 0:20:49]} Rc5 {[%clk 0:20:42]} 28. Re3
{[%clk 0:20:04]} Rd8+ {[%clk 0:20:44]} 29. Rd3 {[%clk 0:19:55]} Rxd3+
{[%clk 0:21:08]} 30. Kxd3 {[%clk 0:20:22]} Kf8 1/2-1/2

[Event "World Chess Olympiad 2018"]
[Site "Batumi"]
[Date "2018.09.28"]
[Round "5"]
[Board "2"]
[WhiteFideId "1634852"]
[White "Dragnev Valentin"]
[BlackFideId "13502956"]
[Black "Zhigalko Sergei"]
[Result "0-1"]
[LiveChessVersion "1.4.8"]
[BlackElo "2610"]
[WhiteElo "2508"]

1. d4 {[%clk 1:30:53]} Nf6 {[%clk 1:30:56]} 2. c4 {[%clk 1:31:18]} e6
{[%clk 1:31:23]} 3. Nf3 {[%clk 1:31:45]} b6 {[%clk 1:31:48]} 4. g3
{[%clk 1:32:11]} Ba6 {[%clk 1:32:09]} 5. b3 {[%clk 1:32:11]} Bb4+
{[%clk 1:31:59]} 6. Bd2 {[%clk 1:32:33]} Be7 {[%clk 1:32:22]} 7. Nc3
{[%clk 1:32:18]} O-O {[%clk 1:30:27]} 8. Bg2 {[%clk 1:32:21]} c6 {[%clk 1:30:29]}
9. e4 {[%clk 1:32:35]} d5 {[%clk 1:30:52]} 10. exd5 {[%clk 1:32:56]} cxd5
{[%clk 1:29:13]} 11. Ne5 {[%clk 1:33:19]} Bb7 {[%clk 1:26:46]} 12. O-O
{[%clk 1:33:29]} Nc6 {[%clk 1:25:17]} 13. Bf4 {[%clk 1:33:44]} Rc8
{[%clk 1:23:30]} 14. Rc1 {[%clk 1:31:08]} Ba3 {[%clk 1:22:33]} 15. Rc2
{[%clk 1:31:18]} a6 {[%clk 1:22:02]} 16. Na4 {[%clk 1:31:14]} Re8
{[%clk 1:06:47]} 17. Re1 {[%clk 1:27:04]} Bb4 {[%clk 0:42:44]} 18. Re3
{[%clk 1:24:25]} h6 {[%clk 0:25:23]} 19. c5 {[%clk 1:18:20]} Nxe5
{[%clk 0:16:46]} 20. Bxe5 {[%clk 0:57:50]} Nd7 {[%clk 0:17:14]} 21. Bd6
{[%clk 0:54:29]} Bc6 {[%clk 0:13:33]} 22. Qc1 {[%clk 0:54:04]} Bxa4
{[%clk 0:10:32]} 23. bxa4 {[%clk 0:54:06]} bxc5 {[%clk 0:11:00]} 24. dxc5
{[%clk 0:53:37]} Rc6 {[%clk 0:11:11]} 25. Bf1 {[%clk 0:21:19]} Qa5
{[%clk 0:09:56]} 26. Rf3 {[%clk 0:16:52]} Bxc5 {[%clk 0:07:33]} 27. Qf4
{[%clk 0:16:12]} f6 {[%clk 0:05:57]} 28. Bxc5 {[%clk 0:16:25]} Rxc5
{[%clk 0:06:23]} 29. Rb2 {[%clk 0:15:50]} Ne5 {[%clk 0:02:47]} 30. Rfb3
{[%clk 0:15:57]} Rd8 {[%clk 0:02:19]} 31. Rb7 {[%clk 0:10:45]} d4
{[%clk 0:02:11]} 32. Ra7 {[%clk 0:10:59]} Rc7 {[%clk 0:02:20]} 33. Rxa6
{[%clk 0:10:59]} Qe1 {[%clk 0:02:16]} 34. Re2 {[%clk 0:05:02]} Qd1
{[%clk 0:02:42]} 0-1

[Event "World Chess Olympiad 2018"]
[Site "Batumi"]
[Date "2018.09.28"]
[Round "5"]
[Board "3"]
[WhiteFideId "13500139"]
[White "Aleksandrov Aleksej"]
[BlackFideId "13601270"]
[Black "Shengelia David"]
[Result "1-0"]
[LiveChessVersion "1.4.8"]
[BlackElo "2512"]
[WhiteElo "2602"]

1. d4 {[%clk 1:30:58]} Nf6 {[%clk 1:30:51]} 2. c4 {[%clk 1:31:24]} e6
{[%clk 1:31:12]} 3. Nc3 {[%clk 1:31:49]} Bb4 {[%clk 1:31:28]} 4. e3
{[%clk 1:32:15]} O-O {[%clk 1:31:22]} 5. Bd2 {[%clk 1:30:42]} Re8
{[%clk 1:23:38]} 6. Bd3 {[%clk 1:17:27]} b6 {[%clk 1:04:51]} 7. Nf3
{[%clk 1:09:46]} Bb7 {[%clk 1:02:01]} 8. O-O {[%clk 1:09:47]} c5 {[%clk 0:55:34]}
9. a3 {[%clk 1:08:11]} Ba5 {[%clk 0:51:15]} 10. b4 {[%clk 0:50:29]} cxb4
{[%clk 0:51:19]} 11. Nb5 {[%clk 0:50:51]} Bxf3 {[%clk 0:46:47]} 12. Qxf3
{[%clk 0:51:14]} Nc6 {[%clk 0:47:09]} 13. Nd6 {[%clk 0:30:26]} Rf8
{[%clk 0:45:43]} 14. e4 {[%clk 0:26:03]} b3 {[%clk 0:20:00]} 15. Be3
{[%clk 0:16:52]} Bc3 {[%clk 0:13:37]} 16. e5 {[%clk 0:15:46]} Ne8
{[%clk 0:14:03]} 17. Nxe8 {[%clk 0:07:36]} Rxe8 {[%clk 0:14:30]} 18. Rad1
{[%clk 0:04:09]} Rc8 {[%clk 0:09:20]} 19. Bxh7+ {[%clk 0:02:45]} Kxh7
{[%clk 0:09:40]} 20. Qh5+ {[%clk 0:03:12]} Kg8 {[%clk 0:10:06]} 21. Bg5
{[%clk 0:03:37]} Bxd4 {[%clk 0:03:13]} 22. Bxd8 {[%clk 0:02:23]} Rexd8
{[%clk 0:03:41]} 23. Rd3 {[%clk 0:02:25]} b2 {[%clk 0:02:42]} 24. Rh3
{[%clk 0:02:25]} Kf8 {[%clk 0:03:11]} 25. Rf3 {[%clk 0:01:02]} Nxe5
{[%clk 0:00:49]} 26. Qh8+ {[%clk 0:01:25]} Ke7 {[%clk 0:01:17]} 27. Qh4+
{[%clk 0:01:51]} f6 {[%clk 0:01:38]} 28. Qxd4 {[%clk 0:02:02]} Rxc4
{[%clk 0:01:19]} 29. Qxb2 {[%clk 0:02:24]} Nxf3+ {[%clk 0:01:47]} 30. gxf3
{[%clk 0:02:50]} Rdc8 {[%clk 0:01:08]} 31. Rd1 {[%clk 0:03:12]} d5
{[%clk 0:01:23]} 32. Kg2 {[%clk 0:02:54]} R8c5 {[%clk 0:00:53]} 33. Qb1
{[%clk 0:02:41]} Rc2 {[%clk 0:00:35]} 34. Rd4 {[%clk 0:03:01]} e5
{[%clk 0:00:34]} 35. Ra4 {[%clk 0:03:17]} Rd2 {[%clk 0:00:33]} 36. Rxa7+
{[%clk 0:03:40]} 1-0

[Event "World Chess Olympiad 2018"]
[Site "Batumi"]
[Date "2018.09.28"]
[Round "5"]
[Board "4"]
[WhiteFideId "1621645"]
[White "Schreiner Peter"]
[BlackFideId "13503758"]
[Black "Stupak Kirill"]
[Result "1/2-1/2"]
[LiveChessVersion "1.4.8"]
[BlackElo "2583"]
[WhiteElo "2463"]

1. d4 {[%clk 1:30:57]} Nf6 {[%clk 1:30:59]} 2. c4 {[%clk 1:31:18]} e6
{[%clk 1:31:27]} 3. Nf3 {[%clk 1:31:41]} Bb4+ {[%clk 1:31:55]} 4. Bd2
{[%clk 1:32:03]} a5 {[%clk 1:32:13]} 5. g3 {[%clk 1:32:25]} b6 {[%clk 1:32:30]}
6. Bg2 {[%clk 1:32:53]} Bb7 {[%clk 1:32:58]} 7. O-O {[%clk 1:33:07]} O-O
{[%clk 1:33:26]} 8. Bg5 {[%clk 1:33:24]} Be7 {[%clk 1:33:53]} 9. Qc2
{[%clk 1:33:34]} Na6 {[%clk 1:14:01]} 10. Bxf6 {[%clk 1:22:33]} Bxf6
{[%clk 1:14:18]} 11. Ng5 {[%clk 1:22:29]} Bxg5 {[%clk 1:14:14]} 12. Bxb7
{[%clk 1:22:50]} Nb4 {[%clk 1:09:03]} 13. Qa4 {[%clk 1:10:58]} Rb8
{[%clk 1:06:10]} 14. Bg2 {[%clk 1:10:42]} c5 {[%clk 0:52:24]} 15. dxc5
{[%clk 1:07:19]} bxc5 {[%clk 0:52:38]} 16. Rd1 {[%clk 1:02:37]} d6
{[%clk 0:51:44]} 17. Nc3 {[%clk 1:00:53]} Qb6 {[%clk 0:48:25]} 18. a3
{[%clk 0:48:25]} Na6 {[%clk 0:48:26]} 19. Ne4 {[%clk 0:46:32]} Be7
{[%clk 0:48:20]} 20. Qd7 {[%clk 0:39:36]} Qd8 {[%clk 0:48:13]} 21. Qa7
{[%clk 0:37:29]} Rb6 {[%clk 0:47:30]} 22. b4 {[%clk 0:35:02]} axb4
{[%clk 0:43:54]} 23. axb4 {[%clk 0:34:37]} Nxb4 {[%clk 0:44:10]} 24. Nxc5
{[%clk 0:33:16]} Nc6 {[%clk 0:41:40]} 25. Qa4 {[%clk 0:26:15]} Qc8
{[%clk 0:37:00]} 26. Ne4 {[%clk 0:23:18]} Qc7 {[%clk 0:28:52]} 27. Rac1
{[%clk 0:21:07]} Ne5 {[%clk 0:26:55]} 28. Qa5 {[%clk 0:18:11]} Qb8
{[%clk 0:20:44]} 29. f4 {[%clk 0:06:08]} Ng4 {[%clk 0:19:09]} 30. Bf3
{[%clk 0:05:21]} Ne3 {[%clk 0:16:55]} 31. Rd3 {[%clk 0:05:34]} Nf5
{[%clk 0:15:15]} 32. Bg4 {[%clk 0:04:18]} g6 {[%clk 0:12:40]} 33. Qc3
{[%clk 0:03:11]} Rc8 {[%clk 0:04:55]} 34. Bxf5 {[%clk 0:02:54]} exf5
{[%clk 0:05:16]} 35. Nd2 {[%clk 0:01:42]} Bf8 {[%clk 0:05:05]} 36. Nf3
{[%clk 0:00:55]} Re8 {[%clk 0:04:50]} 37. Re3 {[%clk 0:01:00]} Rc8
{[%clk 0:04:18]} 38. Rd3 {[%clk 0:01:09]} Bg7 {[%clk 0:04:38]} 39. Qa5
{[%clk 0:00:41]} Rb2 {[%clk 0:04:13]} 40. Rd2 {[%clk 0:30:39]} Rc5
{[%clk 0:31:33]} 41. Qa4 {[%clk 0:20:24]} Rb4 {[%clk 0:27:00]} 42. Qd1
{[%clk 0:12:55]} Rc6 {[%clk 0:24:35]} 43. Kg2 {[%clk 0:11:23]} Bf8
{[%clk 0:23:34]} 44. Rdc2 {[%clk 0:10:16]} Qe8 {[%clk 0:23:39]} 45. Qd3
{[%clk 0:08:20]} Rc5 {[%clk 0:20:51]} 46. Nd2 {[%clk 0:06:47]} Rb8
{[%clk 0:19:02]} 47. Nf1 {[%clk 0:06:45]} Qc6+ {[%clk 0:18:03]} 48. Qf3
{[%clk 0:06:25]} Qxf3+ {[%clk 0:17:11]} 1/2-1/2